Statistics for Homonyms Quiz #6

Click here to take the quiz!

General Stats

  • This quiz has been taken 47,309 times
    (39,651 since last reset)
  • The average score is 14 of 20

Answer Stats

Meaning #1Meaning #2Answer% Correct
Place to sitHead of a committeeChair
93%
Get smallerSlang for psychiatristShrink
92%
Person who talks
with spirits
Between rare and
well done
Medium
90%
Young womanFail to hit a targetMiss
89%
SodaDadPop
89%
Divisible by twoFlat and levelEven
88%
Platypus body partDraft of a lawBill
85%
Soft feathersDescending directionDown
83%
To draw away liquidPart of a candleWick
78%
RevolveTo make yarnSpin
76%
WashbasinTo become submergedSink
74%
Musical toneShort letterNote
68%
Longer work of fictionOriginalNovel
67%
To remind incessantlyOld, useless horseNag
65%
WiseCertain culinary herbSage
62%
Campus courtyardMuscle of the legQuad
59%
Small cafeteria, esp.
in the military
Water bottleCanteen
58%
Religious buildingPart of the headTemple
53%
Stick used as a whipTo exchangeSwitch
39%
Chemical curlEverlastingPermanent
35%

Score Distribution

Percentile by Number Answered

Percent of People with Each Score

Your Score History

You have not taken this quiz since the last reset